|
|
|
|
| LEADER |
00000nab#a22000007a#4500 |
| 001 |
arbauad018883 |
| 003 |
AR-BaUAD |
| 005 |
20250711111648.0 |
| 008 |
960418|||||||||###||||||b###|0###a|spa|| |
| 040 |
|
|
|a AR-BaUAD
|c AR-BaUAD
|b spa
|
| 245 |
1 |
0 |
|a Möbel messe Köln 1994
|
| 300 |
0 |
|
|b fot.
|
| 500 |
|
|
|a Muebles del Salón de Colonia; muestra de diseño alemán 1994.
|
| 653 |
|
|
|a ALEMANIA
|
| 653 |
|
|
|a COLONIA
|
| 653 |
|
|
|a EXPOSICIONES
|
| 653 |
|
|
|a TROMBEREND, HARTMUT
|
| 653 |
|
|
|a LANGE, JÜRGEN
|
| 653 |
|
|
|a SCHWAB, HARRIET
|
| 653 |
|
|
|a BATHEN, HANS OTTO
|
| 653 |
|
|
|a DRIADE
|
| 653 |
|
|
|a MÖLLER, FRIEDRICH WILHELM
|
| 653 |
|
|
|a WITTMANN, FRANZ
|
| 653 |
|
|
|a EQUIPAMIENTO
|
| 653 |
|
|
|a DORMITORIOS
|
| 653 |
|
|
|a MUEBLES
|
| 653 |
|
|
|a CAMAS
|
| 653 |
|
|
|a CAJONERAS
|
| 653 |
|
|
|a ARMARIOS
|
| 653 |
|
|
|a MESAS
|
| 653 |
|
|
|a SILLONES
|
| 653 |
|
|
|a DISEÑO INDUSTRIAL
|
| 773 |
0 |
|
|t MD moebel design
|g no. 2 [1994], p. 17-31
|
| 942 |
|
|
|c ARTI
|
| 952 |
|
|
|0 0
|1 0
|4 0
|7 0
|9 63803
|a AR-BAuAD
|b AR-BAuAD
|d 2025-07-11
|l 0
|p AAQA018883
|r 2025-07-11 11:16:48
|w 2025-07-11
|y ARTI
|
| 990 |
|
|
|a DI199
|b TD
|
| 998 |
|
|
|a AAQ
|b BIBUN76
|
| 999 |
|
|
|c 43476
|d 43476
|